Brawl Stars #1 - Statistiques

Statistiques générales
  • Ce quiz a été pris 551 fois
    453 depuis la dernière actualisation
  • Le résultat moyen est 12 sur 30
Statistiques - réponses
Hint Réponse % Correct
Je saute Edgar
80%
Je soigne Poco
72%
J'aime sauter Dynamike
69%
Je saute Mico
69%
Je soigne Byron
65%
Je fonce Bull
63%
Je suis toxic Corbac
60%
Je dashe Mortis
57%
Je soigne Pam
55%
Je saute et je soigne Kit
46%
JE SUIS TOXIC Cordelius
43%
A deux c'est mieux Nita
40%
Je suis toxic Eve
33%
Je fonce Max
33%
Je fonce Stu
33%
Je fonce Darryl
32%
Je suis toxic et je soigne Bartaba
30%
Je fonce Fang
30%
A deux c'est mieux Penny
30%
Et moi alors? Doug
28%
Je suis toxic Eliz@
27%
A deux c'est mieux Larry & Lawrie
26%
Je suis toxic Willow
25%
A deux c'est mieux Tara
24%
Je suis cancer Tic
24%
Je soigne Emeri
20%
A deux c'est mieux Jessy
18%
A deux c'est mieux Nani
17%
Je vole Jeanet
2%
Je saute El Pimo
1%
Aucun quiz correspondant
Distribution des résultats
% des personnes avec chaque résultat
Percentile par nombre de réponses
Votre historique - résultats
Vous n’avez pas pris ce quiz depuis la dernière actualisation